UBT Library

Cost management : (Record no. 44915)

000 -LEADER
fixed length control field 00790cam a22002534a 4500
001 - CONTROL NUMBER
control field 14396137
005 - DATE AND TIME OF LATEST TRANSACTION
control field 20180313095014.0
008 - FIXED-LENGTH DATA ELEMENTS--GENERAL INFORMATION
fixed length control field 060531s2008 maua b 001 0 eng
010 ## - LIBRARY OF CONGRESS CONTROL NUMBER
LC control number 2006017239
020 ## - INTERNATIONAL STANDARD BOOK NUMBER
International Standard Book Number 9780073128153 (alk. paper)
020 ## - INTERNATIONAL STANDARD BOOK NUMBER
International Standard Book Number 0073128155 (alk. paper)
040 ## - CATALOGING SOURCE
Original cataloging agency DLC
Transcribing agency DLC
Modifying agency DLC
041 ## - LANGUAGE CODE
Language code of text/sound track or separate title eng
042 ## - AUTHENTICATION CODE
Authentication code pcc
080 ## - UNIVERSAL DECIMAL CLASSIFICATION NUMBER
Universal Decimal Classification number 658.15/52 blo
082 00 - DEWEY DECIMAL CLASSIFICATION NUMBER
Classification number 658.15/52 blo
Edition number 22
100 ## - Rafti
Rafti 54
101 ## - Shkurtesa
Shkurtesa man
245 00 - TITLE STATEMENT
Title Cost management :
Statement of responsibility, etc Edward J. Blocher ... [et al.].
504 ## - BIBLIOGRAPHY, ETC. NOTE
Bibliography, etc Includes bibliographical references and index.
906 ## - LOCAL DATA ELEMENT F, LDF (RLIN)
a 7
b cbc
c orignew
d 1
e ecip
f 20
g y-gencatlg
942 ## - ADDED ENTRY ELEMENTS (KOHA)
Source of classification or shelving scheme
Item type Books
Holdings
Withdrawn status Lost status Source of classification or shelving scheme Damaged status Not for loan Collection code Permanent location Current location Shelving location Date acquired Total Checkouts Full call number Barcode Date last seen Price effective from Koha item type
          Koleksioni i përgjithshem UBT - Lipjan UBT - Lipjan Koleksioni i përgjithshem 03/13/2018   658.15/52 blo 002-3002004 03/13/2018 03/13/2018 Books
UBT Library © 2015-2024. All rights reserved University Education for Business and Technology